[Event "1/64 Finale"]
[Site "www.chess-mail.com"]
[Date "2016.06.11"]
[Round "1"]
[White "Genius1"]
[Black "Bluetealeaf"]
[WhiteElo "1610"]
[BlackElo "1650"]
[Result "0-1"]
[Round "1"]
1.d4 d5
2.Bc1f4 Nb8c6
3.e3 f6
4.Bf1b5 a6
5.Bb5xc6 bxc6
6.Ng1f3 Bc8e6
7.O-O g5
8.Bf4g3 g4
9.Nf3d2 h5
10.Nb1c3 Bf8h6
11.Nd2b3 Qd8b8
12.Nb3c5 Be6f5
 { time }
0-1

[Event "Fast Game"]
[Site "www.echecsemail.com"]
[Date "2016.06.11"]
[Round "1"]
[White "Jhzes"]
[Black "Pellix84"]
[WhiteElo "1599"]
[BlackElo "1600"]
[Result "0-1"]
[Round "1"]
1.d4 Ng8f6
2.Nb1c3 c6
3.Bc1g5 g6
4.e4 Bf8g7
5.e5 Nf6d5
6.Nc3e4 d6
7.exd6 Qd8a5
8.c3 Bc8f5
9.Qd1e2 Nb8d7
10.dxe7 Bf5xe4
11.Qe2xe4 Nd5xc3
12.Qe4c2 Nc3e4
13.Bg5d2 Ne4xd2
14.Qc2xd2 Qa5xd2
15.Kxd2 Kxe7
16.Bf1c4 Bg7xd4
17.Ra1e1 Kf6
18.f4 Bd4xb2
19.Re1b1 Nd7b6
20.Bc4b3 Rh8d8
21.Kc2 Bb2a3
22.g4 Rd8d4
23.Ng1e2 Rd4e4
24.Kd3 Re4e7
25.h4 Ra8d8
26.Ne2d4 c5
27.g5 Kg7
28.h5 Rd8xd4
29.Kc3 Ba3b4
30.Kc2 Rd4d2
31.Kc1 Re7d7
{ resign }
0-1

[Event "Tourn. n8765"]
[Site "www.chess-mail.com"]
[Date "2016.06.12"]
[Round "1"]
[White "Milkyway"]
[Black "Faerieking"]
[WhiteElo "2070"]
[BlackElo "2260"]
[Result "0-1"]
[Round "1"]
1.Nb1c3 Ng8f6
2.e4 e5
3.g3 Nb8c6
4.Bf1g2 a6
5.Ng1e2 Bf8c5
6.O-O d6
7.d3 Bc8e6
8.h3 Qd8d7
9.Kh2 O-O-O
10.a3 h6
11.b4 Bc5d4
12.Ne2xd4 Nc6xd4
13.a4 g5
14.b5 a5
15.Bc1e3 Rd8g8
16.Ra1b1 h5
17.Nc3e2 Be6xh3
18.Kg1 { time. }
0-1

[Event "Tourn. n8799"]
[Site "www.chess-mail.com"]
[Date "2016.06.12"]
[Round "1"]
[White "Biggles"]
[Black "Attatroll"]
[WhiteElo "1990"]
[BlackElo "1910"]
[Result "1-0"]
[Round "1"]
1.e4 d6
2.d4 Ng8f6
3.Nb1c3 g6
4.Bf1e2 Bf8g7
5.Bc1g5 O-O
6.Ng1f3 c6
7.Qd1d2 Bc8g4
8.O-O Qd8a5
9.h3 Bg4d7
10.Bg5h6 Nb8a6
11.Bh6xg7 Kxg7
12.a3 c5
13.d5 Nf6h5
14.Nf3h4 Nh5f6
15.f4 e5
16.Be2d3 b5
17.Qd2e3 Na6c7
18.f5 c4
19.Bd3e2 Ra8e8
20.Qe3g3 Re8c8
21.Rf1f2 b4
22.fxg6 hxg6
23.Rf2xf6 Kxf6
24.Ra1f1 Kg7
25.Nc3d1 bxa3
26.bxa3 Qa5c5
27.Nd1e3 Nc7e8
28.Kh2 Ne8f6
29.Ne3f5 Bd7xf5
30.Nh4xf5 Kg8
31.Nf5e7 Kg7
32.Ne7xc8 Rf8xc8
33.Qg3f3 Nf6h5
34.Qf3xf7 Kh6
35.Be2xh5 Kxh5
36.Qf7h7 Kg5
37.h4 Kg4
38.Qh7xg6 Kxh4
39.g3 
1-0

[Event "Tourn. n8754"]
[Site "www.chess-mail.com"]
[Date "2016.06.12"]
[Round "1"]
[White "Genius2"]
[Black "0o0o0"]
[WhiteElo "2090"]
[BlackElo "2160"]
[Result "1/2-1/2"]
[Round "1"]
1.d4 Ng8f6
2.Ng1f3 d6
3.Nb1d2 g6
4.e4 Bf8g7
5.Bf1d3 O-O
6.Qd1e2 Nb8d7
7.O-O e5
8.dxe5 Nd7xe5
9.Nf3xe5 dxe5
10.Nd2f3 Nf6h5
11.Rf1d1 Nh5f4
12.Bc1xf4 exf4
13.Bd3c4 Qd8e7
14.e5 Bc8g4
15.Rd1e1 Ra8e8
16.h3 Bg4xf3
17.Qe2xf3 Bg7xe5
18.c3 Qe7c5
19.Bc4b3 c6
{ draw }
1/2-1/2

[Event "Tourn. n8781"]
[Site "www.chess-mail.com"]
[Date "2016.06.12"]
[Round "1"]
[White "Claudia"]
[Black "Masterchess"]
[WhiteElo "1870"]
[BlackElo "1800"]
[Result "1-0"]
[Round "1"]
1.d4 d5
2.c4 e6
3.Nb1c3 Ng8f6
4.cxd5 exd5
5.Bc1g5 c6
6.e3 Bf8e7
7.Bf1d3 O-O
8.Qd1c2 h6
9.Bg5h4  { time }
1-0

[Event "Tourn. n8825"]
[Site "www.chess-mail.com"]
[Date "2016.06.12"]
[Round "1"]
[White "Daquata"]
[Black "Kampungboy"]
[WhiteElo "1800"]
[BlackElo "1699"]
[Result "0-1"]
[Round "1"]
1.e4 e5
2.Ng1f3 Nb8c6
3.Bf1c4 Ng8f6
4.Nb1c3 Nf6xe4
5.Nc3xe4 d5
6.Bc4xd5 Qd8xd5
7.d3 Bc8g4
8.Bc1e3 O-O-O
9.O-O f5
10.Ne4c3 Bg4xf3
11.Qd1xf3 Qd5xf3
12.gxf3 f4
13.Be3d2 Nc6d4
{ resign }
0-1

[Event "Tourn. n8647"]
[Site "www.chess-mail.com"]
[Date "2016.06.12"]
[Round "1"]
[White "Potemkine"]
[Black "Passaroa25"]
[WhiteElo "1530"]
[BlackElo "1580"]
[Result "0-1"]
[Round "1"]
1.d4 c6
2.c4 d6
3.Nb1d2 f6
4.d5 Bc8f5
5.f3 Bf5g6
6.e4 Bg6f7
7.Bf1d3 Qd8d7
8.b3 Nb8a6
9.Ng1e2 e5
10.Bc1b2 c5
11.Ne2g3 Ng8e7
12.Qd1e2 g6
13.O-O Bf8g7
14.a4 O-O
15.Bb2c3 Na6b4
16.Rf1c1 a5
17.Bc3xb4 cxb4
18.c5 dxc5
19.Rc1xc5 b6
20.Bd3b5 Qd7d8
21.Rc5c2 Ne7c8
22.Nd2c4 Ra8b8
23.Ra1c1 h5
24.Bb5c6 Qd8c7
25.Nc4e3 Nc8d6
26.Bc6b5 Qc7e7
27.Rc2c7 Qe7d8
28.Rc7c6 Nd6xb5
29.Qe2xb5 Bf7e8
30.Rc1d1 Be8xc6
31.dxc6 Qd8e7
32.Rd1d7 Qe7c5
33.Qb5c4 Qc5xc4
34.Ne3xc4 Rf8f7
35.Nc4d6 Rf7xd7
36.cxd7 Rb8d8
37.Nd6c4 Rd8xd7
38.Nc4xb6 Rd7d1
39.Kf2 Bg7h6
40.Ng3e2 Rd1d2
41.Nb6d5 Kg7
42.h3 Bh6g5
43.g3 Rd2b2
44.Nd5c7 Kf7
45.h4 Bg5h6
46.Nc7d5 Rb2xb3
47.g4 hxg4
48.fxg4 Ke6
49.Nd5c7 Kd7
 { time }
0-1

[Event "Tourn. n8797"]
[Site "www.chess-mail.com"]
[Date "2016.06.12"]
[Round "1"]
[White "Cal"]
[Black "Daquata"]
[WhiteElo "1540"]
[BlackElo "1670"]
[Result "0-1"]
[Round "1"]
1.e4 c5
2.Nb1c3 d6
3.d3 Nb8c6
4.h3 g6
5.Ng1f3 Bf8g7
6.Bc1g5 Ng8f6
7.Bg5xf6 Bg7xf6
8.Bf1e2 O-O
9.a3 Qd8a5
10.O-O Bf6xc3
11.bxc3 Qa5xc3
12.Nf3h2 Nc6d4
13.Ra1a2 Bc8e6
14.f4 Be6xa2
15.Nh2g4 Qc3xc2
16.Ng4h6 Kg7
17.Be2g4 Qc2xd1
18.Rf1xd1 Kxh6
19.Rd1d2 Ba2e6
20.f5 gxf5
21.exf5 Be6xf5
22.Bg4xf5 Nd4xf5
23.Rd2e2 e6
24.g4 Nf5d4
25.Re2f2 Kg6
26.h4 f5
27.gxf5 Rf8xf5
28.Rf2g2 Kf6
29.Rg2g6 hxg6
{ resign }
0-1

[Event "Tourn. n8758"]
[Site "www.chess-mail.com"]
[Date "2016.06.12"]
[Round "1"]
[White "Osopanda"]
[Black "Mitja"]
[WhiteElo "1940"]
[BlackElo "1840"]
[Result "0-1"]
[Round "1"]
1.c4 d5
2.cxd5 Qd8xd5
3.Nb1c3 Qd5d8
4.d4 e6
5.e4 c6
6.Ng1f3 h6
7.Bf1d3 Ng8f6
8.O-O Nb8d7
9.h3 Bf8e7
10.Rf1e1 b6
11.d5 cxd5
12.e5 Nf6h7
13.Bc1e3 Bc8b7
14.Ra1c1 Ra8c8
15.Qd1a4 Rc8a8
16.Nf3d4 O-O
17.f4 Nd7c5
18.Bd3xh7 Kxh7
19.Qa4c2 Kg8
20.g4 Be7h4
21.Re1f1 Bb7a6
22.Rf1d1 Qd8e7
23.f5 Bh4g5
24.f6 gxf6
25.Be3xg5 fxg5
26.b4 Nc5e4
27.Nc3xe4 dxe4
28.Qc2xe4 Qe7xb4
29.Rc1c7 Rf8d8
30.Rc7xf7 Kxf7
31.Qe4h7 Ke8
32.Qh7g8 Qb4f8
33.Qg8xe6 Qf8e7
34.Qe6g8 Qe7f8
35.Qg8xf8 Kxf8
36.Nd4e6 Ke7
37.Ne6xd8 Ra8xd8
38.Rd1xd8 Kxd8
{ resign }
0-1

[Event "Tourn. n8823"]
[Site "www.chess-mail.com"]
[Date "2016.06.12"]
[Round "1"]
[White "Kampungboy"]
[Black "Nulladies"]
[WhiteElo "1569"]
[BlackElo "1679"]
[Result "1-0"]
[Round "1"]
1.e4 c6
2.d4 d5
3.f3 e6
4.Bc1e3 dxe4
5.fxe4 Ng8f6
6.Nb1c3 Bf8b4
7.Qd1d3 O-O
8.Ng1f3 Nf6g4
9.Be3d2 c5
10.h3 Ng4f6
11.a3 Qd8a5
12.O-O-O Bb4xc3
13.Bd2xc3 Qa5c7
14.Kb1 b6
15.dxc5 Qc7xc5
16.Bc3b4 Bc8a6
17.Bb4xc5 Ba6xd3
18.Bc5xf8 Bd3xf1
19.Rd1d8 { resign }
1-0

[Event "Tourn. n8801"]
[Site "www.chess-mail.com"]
[Date "2016.06.12"]
[Round "1"]
[White "Libiesse"]
[Black "Malbertan"]
[WhiteElo "1980"]
[BlackElo "2020"]
[Result "0-1"]
[Round "1"]
1.d4 e5
2.dxe5 Nb8c6
3.Ng1f3 Qd8e7
4.Qd1d5 Nc6b4
5.Qd5b3 a5
6.a3 Nb4c6
7.e3 Nc6xe5
8.Bf1e2 Ng8f6
9.O-O d5
10.Rf1d1 c6
11.c4 dxc4
12.Be2xc4 Ne5xf3
13.gxf3 Nf6d5
14.Bc4xd5 cxd5
15.Qb3xd5 Bc8e6
16.Qd5b5 Be6d7
17.Qb5xb7 Qe7g5
18.Kh1 Ra8d8
19.e4 Qg5h5
20.Nb1d2 Bf8d6
{ resign }
0-1

[Event "Tourn. n8736"]
[Site "www.chess-mail.com"]
[Date "2016.06.12"]
[Round "1"]
[White "Snickers"]
[Black "Faerieking"]
[WhiteElo "2110"]
[BlackElo "2260"]
[Result "0-1"]
[Round "1"]
1.c4 Ng8f6
2.Ng1f3 e6
3.d4 Bf8b4
4.Bc1d2 c5
5.Bd2xb4 cxb4
6.Nb1d2 O-O
7.e3 d6
8.Bf1e2 Qd8e7
9.O-O Rf8d8
10.b3 a5
11.Qd1c2 Nb8d7
12.a3 bxa3
13.Ra1xa3 b6
14.b4 Bc8a6
15.bxa5 bxa5
16.Rf1e1 Ba6b7
17.Re1b1 Bb7c6
18.Rb1a1 a4
19.e4 d5
20.exd5 exd5
21.Ra3e3 Qe7b4
22.cxd5 Bc6xd5
23.Nf3e5 Qb4xd4
24.Ra1c1 Nd7xe5
25.Qc2c3 Qd4xc3
26.Re3xc3 a3
27.h3 a2
{ resign }
0-1

[Event "Tourn. n8789"]
[Site "www.chess-mail.com"]
[Date "2016.06.12"]
[Round "1"]
[White "Osopanda"]
[Black "Coventry"]
[WhiteElo "1920"]
[BlackElo "2020"]
[Result "1-0"]
[Round "1"]
1.c4 g6
2.g3 Bf8g7
3.d4 d6
4.Bf1g2 c6
5.Nb1c3 Ng8f6
6.e4 O-O
7.Ng1e2 Qd8c7
8.O-O e5
9.h3 Rf8e8
10.Bc1e3 exd4
11.Ne2xd4 Nb8d7
{ time. }
1-0

[Event "Tourn. n8788"]
[Site "www.chess-mail.com"]
[Date "2016.06.12"]
[Round "1"]
[White "Difficult"]
[Black "Claudia"]
[WhiteElo "1870"]
[BlackElo "1880"]
[Result "0-1"]
[Round "1"]
1.d4 d5
2.Bc1f4 e6
3.e3 Ng8f6
4.Ng1f3 c5
5.c3 Nb8c6
6.Bf1b5 Bf8e7
7.O-O O-O
 { time }
0-1

[Event "Tourn. n8805"]
[Site "www.chess-mail.com"]
[Date "2016.06.12"]
[Round "1"]
[White "Hundegana"]
[Black "Coventry"]
[WhiteElo "1990"]
[BlackElo "2010"]
[Result "1-0"]
[Round "1"]
1.f4 e5
2.d3 d6
3.g3 Nb8c6
4.Ng1f3 Ng8f6
5.h3 Bf8e7
6.Bf1g2 O-O
7.O-O h6
8.a3 exf4
{ time. }
1-0

[Event "Tourn. n8805"]
[Site "www.chess-mail.com"]
[Date "2016.06.12"]
[Round "1"]
[White "Coventry"]
[Black "Sandokam"]
[WhiteElo "2010"]
[BlackElo "2070"]
[Result "0-1"]
[Round "1"]
1.d4 Ng8f6
2.c4 g6
3.b3 c6
4.Bc1b2 Bf8g7
5.Ng1f3 O-O
6.e3 d5
7.Bf1e2 Bc8g4
8.O-O { time. }
0-1

[Event "Match"]
[Site "www.echecsemail.com"]
[Date "2016.06.12"]
[Round "1"]
[White "Genius9"]
[Black "Libiesse"]
[WhiteElo "1770"]
[BlackElo "2000"]
[Result "0-1"]
[Round "1"]
1.Ng1f3 d5
2.g3 e6
3.Bf1g2 c6
4.d3 Ng8f6
5.b3 Bf8c5
6.O-O O-O
7.Bc1b2 Nb8d7
8.Nb1d2 Rf8e8
9.d4 Bc5d6
10.c4 b6
11.Ra1c1 c5
12.cxd5 Nf6xd5
13.e4 Nd5b4
14.Nd2c4 Bd6e7
15.a3 Nb4a6
16.d5 exd5
17.exd5 Bc8b7
18.Nf3e5 Nd7xe5
19.Bb2xe5 f6
20.Be5b2 Be7d6
21.Nc4xd6 Qd8xd6
22.Qd1d3 Na6c7
23.Rf1d1 Bb7a6
24.Qd3f3 Ba6e2
{ resign }
0-1

[Event "Match"]
[Site "www.echecsemail.com"]
[Date "2016.06.12"]
[Round "1"]
[White "Mars91"]
[Black "Paco"]
[WhiteElo "1789"]
[BlackElo "1840"]
[Result "0-1"]
[Round "1"]
1.c4 e5
2.Nb1c3 Nb8c6
3.e3 Bf8c5
4.d4 exd4
5.exd4 Nc6xd4
6.Bc1e3 Qd8e7
7.Qd1d2 Qe7e5
8.O-O-O Nd4f5
9.Be3xc5 Qe5xc5
10.Rd1e1 Ng8e7
11.Nc3e4 Qc5c6
12.Kb1 O-O
13.g4 Nf5h4
14.f3 d5
15.cxd5 Ne7xd5
16.Re1c1 Qc6d7
17.Bf1d3 a5
18.Ne4g5 Nh4g6
19.h4 h6
20.Bd3xg6 fxg6
21.Ng5e4 c6
22.Rc1d1 Ra8a6
23.Ne4c5 Nd5c3
24.bxc3 Ra6b6
25.Ka1 Qd7e7
26.Nc5b3 Qe7a3
27.Qd2b2 Qa3e7
28.Ng1h3 a4
29.Qb2c2 axb3
30.axb3 Qe7a3
{ resign }
0-1

[Event "Match"]
[Site "www.echecsemail.com"]
[Date "2016.06.12"]
[Round "1"]
[White "Claudia"]
[Black "Genius4"]
[WhiteElo "1830"]
[BlackElo "1720"]
[Result "1-0"]
[Round "1"]
1.d4 Ng8f6
2.c4 g6
3.Nb1c3 d5
4.cxd5 Nf6xd5
5.e4 Nd5xc3
6.bxc3 Bf8g7
7.Bc1g5 c5
8.Ra1c1 cxd4
9.cxd4 O-O
10.Ng1f3 Nb8c6
11.d5  { time }
1-0

[Event "Match"]
[Site "www.echecsemail.com"]
[Date "2016.06.12"]
[Round "1"]
[White "Genius9"]
[Black "Emmanuel69"]
[WhiteElo "1770"]
[BlackElo "1830"]
[Result "1/2-1/2"]
[Round "1"]
1.Ng1f3 Ng8f6
2.g3 d5
3.Bf1g2 e6
4.b3 Bf8e7
5.Bc1b2 O-O
6.O-O Rf8e8
7.d3 Nb8c6
8.Nb1d2 a6
9.Nf3e5 Nc6xe5
10.Bb2xe5 Nf6d7
11.Be5b2 Be7f6
12.Bb2xf6 Nd7xf6
13.Nd2f3 h6
14.Nf3d2 c5
15.e4 Qd8c7
16.Rf1e1 d4
17.h3 e5
18.a4 b6
19.Nd2f3 a5
20.Nf3d2 Bc8a6
21.Nd2f3 Qc7d6
22.Nf3h4 Ba6c8
23.Nh4f3 Bc8e6
24.Qd1d2 Qd6d7
25.Kh2 Ra8b8
26.Ra1b1 Re8c8
27.Qd2e2 Qd7d6
28.Rb1d1 Be6d7
29.Nf3d2 Bd7e6
30.Nd2f3 Nf6d7
31.Rd1b1 { draw }
1/2-1/2

[Event "Match"]
[Site "www.echecsemail.com"]
[Date "2016.06.12"]
[Round "1"]
[White "Biggles"]
[Black "Genius4"]
[WhiteElo "1980"]
[BlackElo "1720"]
[Result "1-0"]
[Round "1"]
1.e4 c5
2.Ng1f3 Nb8c6
3.d4 cxd4
4.Bf1c4 e6
5.O-O d6
6.c3 Ng8f6
7.Rf1e1 Bf8e7
8.cxd4 O-O
9.Nb1c3 d5
10.Bc4d3 Nc6b4
11.Bd3b1 dxe4
12.Nc3xe4 Nb4d5
13.Bc1g5 Nf6xe4
14.Bg5xe7 Qd8xe7
15.Bb1xe4 Nd5f6
16.Be4d3 Bc8d7
17.Ra1c1 Ra8c8
18.Rc1c3 Rc8xc3
19.bxc3  { time }
1-0

[Event "Match"]
[Site "www.echecsemail.com"]
[Date "2016.06.12"]
[Round "1"]
[White "Llord"]
[Black "Genius4"]
[WhiteElo "1750"]
[BlackElo "1720"]
[Result "1-0"]
[Round "1"]
1.e4 d6
2.d4 Ng8f6
3.Bf1d3 e5
4.dxe5 dxe5
5.Ng1f3 Nb8c6
6.O-O Bf8e7
7.Nb1c3 O-O
8.Bc1e3 Nf6g4
9.Nf3d2 Ng4xe3
10.fxe3 Be7c5
11.Nc3d5 Bc8e6
12.Bd3c4 Be6xd5
13.exd5 Bc5xe3
14.Kh1 Nc6e7
15.Nd2b3 Be3b6
16.Rf1f3 Ne7g6
17.Qd1f1 e4
18.Rf3f5 Qd8d6
19.Nb3d2  { time }
1-0

[Event "Match"]
[Site "www.echecsemail.com"]
[Date "2016.06.12"]
[Round "1"]
[White "Birya"]
[Black "Krystek23"]
[WhiteElo "1809"]
[BlackElo "2260"]
[Result "0-1"]
[Round "1"]
1.d4 Ng8f6
2.c4 g6
3.Nb1c3 Bf8g7
4.e4 d6
5.Ng1f3 O-O
6.Bf1e2 a6
7.O-O c6
8.h3 Nb8d7
9.Rf1e1 Nf6e8
10.Bc1e3 Nd7b6
11.Ra1c1 Nb6d7
12.Qd1d2 Kh8
13.Be3h6 e5
14.Bh6xg7 Kxg7
 { time }
0-1

[Event "Match"]
[Site "www.echecsemail.com"]
[Date "2016.06.12"]
[Round "1"]
[White "Libiesse"]
[Black "Genius4"]
[WhiteElo "1900"]
[BlackElo "1720"]
[Result "1-0"]
[Round "1"]
1.d4 d5
2.c4 dxc4
3.Ng1f3 Ng8f6
4.e3 e6
5.Bf1xc4 c5
6.Nb1c3 a6
7.a3 b5
8.Bc4a2 Bc8b7
9.O-O cxd4
10.Nf3xd4 Bf8e7
11.b4 O-O
12.Bc1b2 Nb8c6
13.Nc3e2 Nc6xd4
14.Bb2xd4  { time }
1-0

[Event "Match"]
[Site "www.echecsemail.com"]
[Date "2016.06.12"]
[Round "1"]
[White "Billyg"]
[Black "Sonny1000"]
[WhiteElo "1590"]
[BlackElo "1520"]
[Result "1-0"]
[Round "1"]
1.e4 e5
2.Ng1f3 f6
3.d4 Qd8e7
4.c3 Nb8c6
5.Bf1b5 Nc6b8
6.dxe5 h6
7.exf6 Qe7xe4
8.Bc1e3 gxf6
9.Nb1d2 Qe4g4
10.O-O c6
11.h3 Qg4h5
12.Bb5e2 b5
13.Rf1e1 d5
14.Nf3d4 Qh5e5
15.Be2h5 Ke7
16.Be3xh6 Qe5xe1
17.Qd1xe1 Kd7
18.Qe1e6 Kc7
19.Bh6f4 Kb6
20.Qe6xc8 Ng8e7
21.Qc8e6 Rh8xh5
22.Bf4xb8 Ra8xb8
23.Qe6xf6 Rb8b7
24.Qf6xf8 c5
25.Qf8f6 Ka5
26.Nd2b3 Ka4
27.Nb3xc5 { resign }
1-0

[Event "Match"]
[Site "www.echecsemail.com"]
[Date "2016.06.12"]
[Round "1"]
[White "Silent1"]
[Black "Birya"]
[WhiteElo "1860"]
[BlackElo "1809"]
[Result "1-0"]
[Round "1"]
1.d4 Ng8f6
2.c4 g6
3.Nb1c3 Bf8g7
4.e3 O-O
5.Bf1d3 c6
6.Ng1f3 d5
7.O-O dxc4
8.Bd3xc4 b5
9.Bc4b3 Bc8b7
10.a3 a6
11.Bb3c2 Nb8d7
12.h3 Ra8c8
13.b4 Nd7b6
14.Bc2b3 Nb6d5
15.Nc3xd5 cxd5
16.Bc1b2 Nf6e4
17.Ra1c1  { time }
1-0

[Event "Match"]
[Site "www.echecsemail.com"]
[Date "2016.06.12"]
[Round "1"]
[White "Avg"]
[Black "Blackpool"]
[WhiteElo "2000"]
[BlackElo "1740"]
[Result "1-0"]
[Round "1"]
1.f4 Ng8f6
2.Ng1f3 g6
3.g3 Bf8g7
4.Bf1g2 d5
5.d3 O-O
6.O-O c6
7.Nf3e5 Nb8d7
8.d4 Nd7b6
9.b3 Nf6d7
10.Bc1b2 f6
11.Ne5d3 Rf8e8
12.Nb1d2 Qd8c7
13.e4 e6
14.f5 dxe4
15.Bg2xe4 exf5
16.Be4g2 Nd7f8
17.c4 Bc8e6
18.Nd3f4 Be6f7
19.Rf1e1 Re8xe1
20.Qd1xe1 Ra8e8
21.Qe1f2 Nf8e6
22.Nf4d3 Ne6g5
23.Ra1e1 Re8xe1
24.Qf2xe1 Ng5e6
25.Qe1e3 h6
26.a4  { time }
1-0

[Event "Match"]
[Site "www.echecsemail.com"]
[Date "2016.06.12"]
[Round "1"]
[White "Birya"]
[Black "Hundegana"]
[WhiteElo "1809"]
[BlackElo "1970"]
[Result "0-1"]
[Round "1"]
1.c4 f5
2.Ng1f3 g6
3.g3 Bf8g7
4.Bf1g2 Ng8f6
5.O-O O-O
6.Nb1c3 a6
7.d3 c6
8.Bc1d2 h6
9.Ra1c1 e6
10.a3 d6
11.b4 g5
12.a4 Kh7
13.b5 axb5
14.cxb5 cxb5
15.Nc3xb5 Nb8c6
16.Nf3d4 Nc6xd4
17.Nb5xd4 d5
18.Bd2b4 Rf8e8
19.Nd4b5 Bc8d7
20.Rf1e1 Bd7xb5
 { time }
0-1

[Event "Match"]
[Site "www.echecsemail.com"]
[Date "2016.06.12"]
[Round "1"]
[White "Andregor"]
[Black "Starwind"]
[WhiteElo "2480"]
[BlackElo "1929"]
[Result "1/2-1/2"]
[Round "1"]
1.e4 e6
2.d4 d5
3.Nb1d2 c5
4.exd5 exd5
5.Ng1f3 Ng8f6
6.Bf1b5 Bc8d7
7.Bb5xd7 Nb8xd7
8.O-O Bf8e7
9.dxc5 Nd7xc5
10.Nf3d4 Qd8d7
11.Nd2f3 O-O
12.Nf3e5 Qd7c8
13.Ne5d3 Rf8e8
14.Bc1f4 Qc8d7
15.h3 Be7d6
16.Bf4xd6 Qd7xd6
17.Nd3xc5 Qd6xc5
18.c3 g6
19.Qd1d2 Nf6e4
20.Qd2c2 Re8e7
21.Rf1e1 Ra8e8
22.Re1e2 Ne4d6
23.Re2xe7 Re8xe7
24.Ra1d1 Kg7
25.a4 a6
26.Qc2c1 h5
27.Rd1e1 Qc5c7
28.f3 b5
29.axb5 Nd6xb5
30.Nd4xb5 axb5
31.Re1xe7 Qc7xe7
32.Qc1d2 Qe7a7
33.Kf1 Qa7c5
34.g3 Qc5c4
35.Kf2 Qc4b3
36.g4 h4
37.Ke3 f6
38.f4 b4
39.g5 bxc3
40.bxc3 Qb3b6
41.Qd2d4 Qb6e6
42.Kd2 Kf7
43.Qd4a7 Qe6e7
44.Qa7d4 Qe7e6
45.Kd1 fxg5
46.fxg5 Qe6xh3
47.Qd4f6 Ke8
48.Qf6xg6 Kd7
49.Qg6f7 Kd6
50.Qf7f6 Kc5
51.g6 Qh3d3
52.Kc1 Qd3e3
53.Kb2 h3
54.g7 Qe3d2
55.Kb3 h2
56.Qf6f3 Qd2g5
57.Qf3f8 Kc6
58.g8Q Qg5xg8
59.Qf8xg8 h1Q
60.Qg8a8 Kc7
{ draw }
1/2-1/2

[Event "Match"]
[Site "www.echecsemail.com"]
[Date "2016.06.12"]
[Round "1"]
[White "Birya"]
[Black "Chapi"]
[WhiteElo "1809"]
[BlackElo "2080"]
[Result "0-1"]
[Round "1"]
1.d4 d5
2.c4 c6
3.Ng1f3 g6
4.Nb1c3 Bf8g7
5.cxd5 cxd5
6.Bc1f4 Nb8c6
7.e3 Ng8f6
8.Bf1e2 Nf6h5
9.Bf4g3 Nh5xg3
10.hxg3 Bc8f5
11.O-O O-O
12.Ra1c1 a6
13.a3 Nc6a5
14.b4 Na5c4
15.Be2xc4 dxc4
16.Nc3a4 b5
17.Na4c5 Qd8b6
18.Rf1e1 a5
19.Qd1d2 Rf8d8
20.Nf3h4 Bf5d7
21.Nh4f3 f6
22.Rc1b1 Bd7c6
23.e4 h5
24.d5 Bc6d7
 { time }
0-1

[Event "Match"]
[Site "www.echecsemail.com"]
[Date "2016.06.12"]
[Round "1"]
[White "Gilliere"]
[Black "Leeds"]
[WhiteElo "2040"]
[BlackElo "1770"]
[Result "1-0"]
[Round "1"]
1.d4 Ng8f6
2.c4 d6
3.e3 g6
4.Nb1c3 Bf8g7
5.Ng1f3 O-O
6.b3 c6
7.Bc1b2 Bc8g4
8.Bf1e2 Nb8d7
9.h3 Bg4xf3
10.Be2xf3 e5
11.d5 cxd5
12.Nc3xd5 Nf6xd5
13.Bf3xd5 Qd8e7
14.O-O Nd7f6
15.Ra1b1  { time }
1-0

[Event "Match"]
[Site "www.echecsemail.com"]
[Date "2016.06.12"]
[Round "1"]
[White "Ztornad"]
[Black "Stevep84"]
[WhiteElo "1780"]
[BlackElo "2210"]
[Result "0-1"]
[Round "1"]
1.Nb1c3 e5
2.e4 Nb8c6
3.Nc3d5 Ng8f6
4.c4 Nf6xd5
5.cxd5 Nc6d4
6.Ng1e2 Bf8c5
7.Ne2xd4 Bc5xd4
8.Qd1b3 O-O
9.Qb3f3 d6
10.Bf1c4 f5
11.d3 fxe4
12.Qf3xe4 Bd4xf2
13.Kd1 Qd8e8
14.h3 Bf2g3
15.d4 Bc8f5
16.Qe4e3 Qe8g6
17.Qe3g5 Bf5c2
18.Ke2 Rf8f2
19.Ke1 Rf2f5
20.Qg5xg3 Qg6xg3
21.Kd2 Rf5f2
22.Bc4e2 Qg3d3
23.Ke1 Qd3xe2
{ resign }
0-1

[Event "1/8 Finale"]
[Site "www.chess-mail.com"]
[Date "2016.06.12"]
[Round "1"]
[White "Yangqi"]
[Black "Emiondi"]
[WhiteElo "2650"]
[BlackElo "2260"]
[Result "1-0"]
[Round "1"]
1.e4 e5
2.f4 exf4
3.Ng1f3 g5
4.Nb1c3 Nb8c6
5.g3 g4
6.Nf3h4 f3
7.d4 d6
8.Bc1e3 Bf8e7
9.Qd1d2 Ng8f6
10.O-O-O d5
11.e5 Nf6h5
12.Kb1 Bc8e6
13.Qd2f2 Qd8d7
14.h3 Be7xh4
15.gxh4 f5
16.Bf1d3 O-O-O
17.Be3g5 Rd8f8
18.Bg5h6 Rf8f7
19.a3 a6
20.b3 Kb8
21.Rh1g1 Rh8g8
22.Nc3a4 Qd7e7
23.Bh6c1 Rf7g7
24.Na4c5 f4
25.hxg4 Rg7xg4
26.Rg1xg4 Be6xg4
27.Rd1g1 Bg4e6
28.Rg1xg8 Be6xg8
29.Qf2xf3 Qe7xh4
30.Bd3xa6 Nc6xd4
31.Qf3d3 Qh4f2
32.Ba6xb7 Nh5g3
33.e6 Ng3f5
34.Bb7xd5 Qf2e2
35.Qd3c3 Nd4b5
36.Qc3a5 { resign }
1-0

[Event "1/32 Finale"]
[Site "www.chess-mail.com"]
[Date "2016.06.12"]
[Round "1"]
[White "Matchbox"]
[Black "Passaroa25"]
[WhiteElo "1700"]
[BlackElo "1600"]
[Result "0-1"]
[Round "1"]
1.Ng1f3 c6
2.d4 d5
3.c4 f6
4.cxd5 Qd8xd5
5.Nb1c3 Qd5a5
6.Bc1d2 Bc8e6
7.e4 Qa5c7
8.d5 Be6f7
9.dxc6 bxc6
10.Bf1d3 e5
11.O-O Ng8e7
12.Qd1e2 Ne7g6
13.Ra1c1 Bf8e7
14.Bd2e3 O-O
15.Bd3c4 Nb8d7
16.Bc4xf7 Rf8xf7
17.Nc3d5 Qc7c8
18.Nd5xe7 Ng6xe7
19.Rf1d1 g5
20.h3 Nd7b6
21.b3 h5
22.Be3xb6 axb6
23.Rd1d2 c5
24.Rc1d1 Ne7c6
25.Rd2d5 Nc6b4
26.Rd5d8 Qc8xd8
 { time }
0-1

[Event "1/128 Finale"]
[Site "www.chess-mail.com"]
[Date "2016.06.12"]
[Round "1"]
[White "Cheminet"]
[Black "Genius2"]
[WhiteElo "1980"]
[BlackElo "2000"]
[Result "1-0"]
[Round "1"]
1.d4 d5
2.Bc1f4 c6
3.e3 Ng8f6
4.Ng1f3 Bc8g4
5.Bf1e2 e6
6.a3 Bf8e7
7.Nb1d2 Nb8d7
8.c4 O-O
9.O-O Bg4xf3
10.Nd2xf3 Nf6e4
11.Nf3d2 Nd7f6
12.f3 Ne4xd2
13.Qd1xd2 Be7d6
14.Bf4g5 Bd6e7
15.cxd5 exd5
16.Be2d3 h6
17.Bg5h4 Rf8e8
18.b4 Qd8d7
19.Qd2c2 Qd7e6
20.Rf1e1 Ra8d8
21.Bd3f5 Qe6d6
22.Bh4g3 { resign }
1-0

[Event "1/128 Finale"]
[Site "www.chess-mail.com"]
[Date "2016.06.12"]
[Round "1"]
[White "Osopanda"]
[Black "Genius6"]
[WhiteElo "1920"]
[BlackElo "1710"]
[Result "1-0"]
[Round "1"]
1.c4 e6
2.d4 d5
3.cxd5 exd5
4.Ng1f3 Ng8f6
5.Nb1c3 Bf8b4
6.a3 Bb4xc3
7.bxc3 O-O
8.Bc1g5 c6
9.Qd1d3 Rf8e8
10.e3 h6
11.Bg5h4 Qd8d6
12.Nf3e5  { time }
1-0

[Event "1/16 Finale"]
[Site "www.chess-mail.com"]
[Date "2016.06.12"]
[Round "1"]
[White "Szustan"]
[Black "Fjpv"]
[WhiteElo "2700"]
[BlackElo "2740"]
[Result "1/2-1/2"]
[Round "1"]
1.e4 e5
2.Ng1f3 Ng8f6
3.d4 Nf6xe4
4.Bf1d3 d5
5.Nf3xe5 Nb8d7
6.Ne5xd7 Bc8xd7
7.O-O Bf8d6
8.c4 c6
9.cxd5 cxd5
10.Nb1c3 Ne4xc3
11.bxc3 O-O
12.Qd1h5 f5
13.Qh5f3 Kh8
14.Bc1d2 Qd8c7
15.h3 Bd7c6
16.Rf1e1 g6
17.Ra1b1 Rf8e8
18.Bd2g5 Kg7
19.h4 Qc7a5
20.Re1c1 h5
21.g3 Ra8c8
22.Bg5f4 Qa5c7
23.Bf4d2 Qc7f7
24.Rc1e1 Rc8b8
25.Bd2g5 Rb8c8
26.Bg5f4 Qf7c7
27.Bf4d2 Qc7f7
28.Kg2 a6
29.Bd2f4 Bd6c7
30.Bf4xc7 Rc8xc7
31.Qf3f4 Rc7e7
32.Re1xe7 Qf7xe7
33.Qf4d2 b5
34.Kf1 Qe7a3
35.Rb1c1 Re8e6
36.Rc1e1 Re6xe1
37.Qd2xe1 Kf7
38.Qe1d2 Bc6e8
39.Bd3e2 Kg7
40.Be2f3 Be8f7
41.Kg2 Kh7
42.Bf3d1 Kg7
43.Bd1e2 Bf7e6
44.Be2f3 Be6f7
45.Qd2c2 Kh7
46.Bf3e2 Kg7
47.Be2d3 f4
48.gxf4 Qa3e7
49.Kg3 Qe7e1
50.Qc2e2 { draw }
1/2-1/2

[Event "Fast Game"]
[Site "www.echecsemail.com"]
[Date "2016.06.12"]
[Round "1"]
[White "Picifarkinca"]
[Black "Cal"]
[WhiteElo "1819"]
[BlackElo "1620"]
[Result "1-0"]
[Round "1"]
1.Ng1f3 Nb8c6
2.e4 e5
3.Bf1b5 d6
4.h3 Bc8d7
5.O-O Nc6e7
6.Bb5c4 h6
7.d4 exd4
8.Nf3xd4 a6
9.Rf1e1 c5
10.Nd4f5 Bd7xf5
11.exf5 Ng8f6
12.Nb1c3 Qd8d7
13.Nc3d5 Nf6xd5
14.Qd1xd5 O-O-O
15.Qd5xf7 g5
16.Bc4e6 b5
17.Be6xd7 Rd8xd7
18.f6 Ne7f5
19.Qf7e8 Kc7
20.Qe8e4 Nf5d4
21.c3 Nd4c6
22.a4 d5
23.Qe4e8 Bf8g7
24.Qe8xd7 Kxd7
25.fxg7 Rh8g8
26.axb5 axb5
27.Ra1a6 Rg8xg7
28.Ra6xc6 Kxc6
29.Re1e6 Kd7
30.Re6xh6 d4
31.cxd4 cxd4
32.Bc1d2 Kc7
33.Kf1 d3
34.Ke1 Rg7e7
35.Bd2e3 b4
36.Kd2 Re7g7
37.Kxd3 g4
38.h4 Rg7d7
39.Be3d4 { resign }
1-0